000 00878nam a22002892a 4500
001 22952
003 BD-RJUL
005 20211209000856.0
008 140309s1961 enka b 001 0 eng d
035 _a(bd-rjul)23019
040 _aGZP
_cGZP
_dOCL
_dUKM
_dEQO
_beng
041 _aeng
082 _a945
_218
_bKUI 1961
090 _aDG430
_b.K8 1961
100 1 _aKubly, Herbert.
_970767
245 1 0 _aItaly /
_cby Herbert Kubly and the editors of Life
250 _aRev. English ed.
260 _aLondon :
_b"The Sunday Times,
_c[c1961]
300 _a160 p. :
_billus. (part col.) map (on lining papers) ;
_c28 cm.
490 1 _aSunday Times world library
504 _aIncludes index
651 0 _aItaly
_xDescription and travel
_970768
730 0 _aLife (Chicago, Ill.)
_970774
830 0 _aSunday Times world library
_970775
942 _2ddc
_cBK
999 _c22952
_d22952